Normal view
MARC view
- TE-34
Entry Geographic Name
001 - CONTROL NUMBER
- control field: 131250
003 - CONTROL NUMBER IDENTIFIER
- control field: NUST
005 - DATE AND TIME OF LATEST TRANSACTION
- control field: 20251020123843.0
008 - FIXED-LENGTH DATA ELEMENTS
- fixed length control field: 251020|| aca||aabn | a|a d
040 ## - CATALOGING SOURCE
- Original cataloging agency: NUST
- Transcribing agency: NUST
151 ## - HEADING--GEOGRAPHIC NAME
- Geographic name: TE-34
670 ## - SOURCE DATA FOUND
- Source citation: Work cat.: (NUST)182673: Malik , Sarwar Amad Capt ( TE-34) 131249, Intelligent high speed analog to digital converter using slow speed analog to digital cnverters and its interface with PCI/O channel /, 2001
